• 首页
  • 本馆介绍
  • 公告通知
  • 最新文献
  • 馆藏检索
  • 电子资源
  • 读者导购
  • 参考咨询
  • 我的图书馆
  • 登录
  • 详细信息显示
  • 放入我的书架
  • 预约/预借图书
  • 作者相关作品
  • 分类相关作品
  • 丛书相关作品
  • 出版社相关作品

书目信息

  • 表格格式
  • 工作单格式
  • 卡片格式
题名:
在10〓厘米以内
    
 
作者: 汪容 著
分册:  
出版信息: 上海   上海科学技术出版社  1979
页数: 313页
开本: 20cm
丛书名:
单 册:
中图分类: O572.2
科图分类:
主题词: 基本粒子--普及读物
电子资源:
ISBN:
000 00730nam0 2200241 45
001 0179000706
005 20060919091158.95
010    @dCNY0.98
091    @a13119.799
100    @a19950726d1979 em y0chiy0121 ea
101 0  @achi
102    @aCN@b310000
105    @ay z 000yy
200 10 @a在10〓厘米以内@Azai 10 li mi yi nei@e小玲和老吕关于基本粒子的对话@f汪容著@Fwang rong zhu
210    @a上海@c上海科学技术出版社@d1979
215    @a313页@d20cm
300    @a〓=-13次方
517 1  @a小玲和老吕关于基本粒子的对话@Axiao ling he lao lv guan yu ji ben li zi de dui hua
606    @a基本粒子@x普及读物
690    @aO572.2@v3
701  0 @a汪容@Awang rong@4著
801  0 @aCN@bTSSF@c20060919
905    @a10447@dO572.2@e16
    
    在10〓厘米以内:小玲和老吕关于基本粒子的对话/汪容著.-上海:上海科学技术出版社,1979
    313页;20cm
    〓=-13次方
    
    ISBN :CNY0.98
    
●
相关链接 在E读中查询图书 在五车中查询图书 在当当中查询图书 在豆瓣中查询图书


正题名:在10〓厘米以内     索取号:O572.2/16         预约/预借

序号 登录号 条形码 馆藏地/架位号 状态 备注
1 0422317   204223170   密集书库/ [索取号:O572.2/16] 在馆    
2 0431963   204319638   密集书库/ [索取号:O572.2/16] 在馆    
3 0433873   204338733   密集书库/ [索取号:O572.2/16] 在馆    
4 0433874   204338742   密集书库/ [索取号:O572.2/16] 在馆    
5 0433875   204338751   密集书库/ [索取号:O572.2/16] 在馆    
6 0450038   204500389   密集书库/ [索取号:O572.2/16] 在馆    
7 0452353   204523532   密集书库/ [索取号:O572.2/16] 在馆    
8 0468588   204685885   密集书库/ [索取号:O572.2/16] 在馆    
唐山师范学院图书馆 欢迎您!
大连网信软件有限公司© 版权所有